DEVIL S DERIVATIVES (Record no. 28214)
[ view plain ]
| 000 -LEADER | |
|---|---|
| fixed length control field | 00356nam a2200133Ia 4500 |
| 008 - FIXED-LENGTH DATA ELEMENTS--GENERAL INFORMATION | |
| fixed length control field | 240624s9999 xx 000 0 und d |
| 041 ## - LANGUAGE CODE | |
| Language code of text/sound track or separate title | eng |
| 082 ## - DEWEY DECIMAL CLASSIFICATION NUMBER | |
| Classification number | 332.640973 DUN |
| 100 ## - MAIN ENTRY--PERSONAL NAME | |
| Personal name | DUNBAR NICHOLAS |
| 245 ## - TITLE STATEMENT | |
| Title | DEVIL S DERIVATIVES |
| 260 ## - PUBLICATION, DISTRIBUTION, ETC. | |
| Date of publication, distribution, etc. | 2011 |
| Place of publication, distribution, etc. | New Delhi |
| Name of publisher, distributor, etc. | Harvard Business Review Press |
| 300 ## - PHYSICAL DESCRIPTION | |
| Extent | xvi, : 291 : p. : cm. ; 23 |
| 365 ## - TRADE PRICE | |
| Currency code | RS |
| Price amount | 38 |
| Withdrawn status | Lost status | Damaged status | Not for loan | Home library | Current library | Shelving location | Date acquired | Source of acquisition | Cost, normal purchase price | Full call number | Barcode | Date last seen | Copy number | Price effective from | Koha item type |
|---|---|---|---|---|---|---|---|---|---|---|---|---|---|---|---|
| IMTN | IMTN | Rack 12-B | 12/19/2016 | BKI | 1095.00 | 332.640973 DUN | 28214 | 06/24/2024 | 1 | 06/24/2024 | Books |